Creative Industries economic estimates statistical bulletin (Record no. 106235)
[ view plain ]
| 000 -LEADER | |
|---|---|
| fixed length control field | 01215cam a2200205 4500 |
| 001 - CONTROL NUMBER | |
| control field | L135910 |
| 008 - FIXED-LENGTH DATA ELEMENTS--GENERAL INFORMATION | |
| fixed length control field | 061218n2006 000 0 eng u |
| 035 ## - SYSTEM CONTROL NUMBER | |
| System control number | (Sirsi) u135910 |
| 041 0# - LANGUAGE CODE | |
| Language code of text/sound track or separate title | eng |
| 110 2# - MAIN ENTRY--CORPORATE NAME | |
| Corporate name or jurisdiction name as entry element | Department for Culture, Media and Sport |
| 9 (RLIN) | 3525 |
| 245 00 - TITLE STATEMENT | |
| Title | Creative Industries economic estimates statistical bulletin |
| Remainder of title | September 2006 |
| Medium | [electronic resource] |
| 260 ## - PUBLICATION, DISTRIBUTION, ETC. | |
| Place of publication, distribution, etc. | London |
| Name of publisher, distributor, etc. | Department for Culture, Media and Sport |
| Date of publication, distribution, etc. | 2006 |
| 490 #0 - SERIES STATEMENT | |
| Series statement | Creative Industries Economic Estimates Statistical Bulletin |
| Volume/sequential designation | 21 September 2006 |
| 520 ## - SUMMARY, ETC. | |
| Summary, etc. | Discusses the contribution the Creative Industries UK provides to the economy, as well as the value of exports and number of people the Creative Industries employs. Tables show Gross Value Added (GVA) of the Creative Industries, the growth in GVA of Creative Industries, number of businesses in Creative Industries and details of how the constituents of Creative Industries are classified. |
| 590 ## - LOCAL NOTE (RLIN) | |
| Local note | KA |
| 651 #4 - SUBJECT ADDED ENTRY--GEOGRAPHIC NAME | |
| Geographic name | United Kingdom |
| Chronological subdivision | |
| 690 ## - LOCAL SUBJECT ADDED ENTRY--TOPICAL TERM (OCLC, RLIN) | |
| Topical term or geographic name as entry element | ECONOMIC ISSUES |
| 856 40 - ELECTRONIC LOCATION AND ACCESS | |
| Uniform Resource Identifier | <a href="https://www.culture.gov.uk/Reference_library/Research/statistics_outputs/creative_industries_eco_est.htm">https://www.culture.gov.uk/Reference_library/Research/statistics_outputs/creative_industries_eco_est.htm</a> |
| Public note | View the item free of charge at http://www.culture.gov.uk... |
| 942 ## - ADDED ENTRY ELEMENTS (KOHA) | |
| Suppress in OPAC | 0 |
| Withdrawn status | Lost status | Source of classification or shelving scheme | Damaged status | Not for loan | Home library | Current library | Shelving location | Date acquired | Total Checkouts | Full call number | Barcode | Date last seen | Copy number | Price effective from | Koha item type |
|---|---|---|---|---|---|---|---|---|---|---|---|---|---|---|---|
| Dewey Decimal Classification | Virtual | Virtual | Online | 18/12/2006 | ONLINE PUBLICATION | 135910-1001 | 06/08/2019 | 1 | 06/08/2019 | Book |